Top 500 UK Girls Names 2021 - Statistics

General Stats
  • This quiz has been taken 502 times
  • The average score is 220 of 500
Answer Stats
Hint Answer % Correct
97 A Anna
95%
2 A Amelia
87%
32 E Emilia
87%
411 R Rhea
87%
471 M Mae
86%
1 O Olivia
86%
274 A Aliza
85%
43 E Eliza
85%
133 I Isabel
85%
333 E Emelia
84%
31 A Alice
83%
4 A Ava
83%
60 E Elizabeth
83%
20 E Ella
83%
459 E Emilie
83%
19 E Emily
83%
432 A Aiyla
81%
25 C Charlotte
81%
479 E Elle
81%
443 A Aila
80%
61 E Emma
80%
181 E Eve
80%
14 G Grace
80%
33 I Isabelle
80%
321 M Mary
80%
151 A Arya
79%
408 E Elisa
79%
3 I Isla
79%
100 S Sara
79%
105 A Abigail
78%
449 A Alys
78%
395 A Ariya
78%
283 A Ayra
78%
215 H Hana
78%
216 H Hanna
78%
160 I Isobel
78%
210 M Maia
78%
9 M Mia
78%
126 S Sarah
78%
78 E Ellie
77%
89 H Hannah
77%
198 L Lillie
77%
96 L Lilly
77%
7 L Lily
77%
317 M Maja
77%
473 O Oliwia
77%
285 A Amy
76%
37 A Aria
75%
480 K Katherine
75%
180 L Laura
75%
386 L Lia
74%
29 M Maya
74%
183 M Mya
74%
245 A Alayna
73%
72 B Bella
73%
457 C Catherine
73%
223 H Hollie
73%
95 H Holly
73%
410 L Lucie
73%
85 L Lucy
73%
499 M Miya
73%
68 R Rose
73%
23 S Sofia
73%
12 S Sophia
73%
30 S Sophie
73%
41 E Eva
72%
415 I Iyla
72%
49 J Jessica
72%
75 M Maria
72%
27 M Millie
71%
134 M Mollie
71%
73 M Molly
71%
331 A Alisha
70%
67 A Ayla
70%
13 I Isabella
70%
326 K Katie
70%
127 V Victoria
70%
112 A Annie
69%
15 D Daisy
69%
5 I Ivy
69%
343 A Aida
68%
370 R Rachel
68%
196 A Ayah
67%
104 G Georgia
67%
34 R Ruby
67%
117 Z Zoe
67%
345 A Alicia
66%
433 A Alicja
66%
470 J Jennifer
66%
233 R Rebecca
66%
44 A Ada
65%
161 A Alexandra
65%
287 A Annabel
65%
52 C Chloe
65%
21 E Evelyn
65%
462 N Natalie
65%
11 R Rosie
65%
192 Z Zahra
65%
69 Z Zara
65%
323 Z Zofia
65%
109 A Annabelle
64%
142 A Ariana
64%
227 B Bethany
64%
24 E Evie
64%
124 N Nora
64%
74 O Olive
64%
203 R Raya
64%
475 Z Zoey
64%
398 A Arianna
63%
6 F Freya
63%
92 J Jasmine
63%
88 A Amber
62%
79 G Gracie
62%
70 I Iris
62%
138 J Julia
62%
171 L Lilah
62%
366 L Lina
62%
76 L Lyla
62%
270 N Norah
62%
38 P Penelope
62%
413 A Ana
61%
94 C Clara
61%
385 K Klara
61%
496 L Lylah
61%
194 A Ayda
60%
218 L Lena
60%
17 P Poppy
60%
45 V Violet
60%
10 W Willow
60%
132 A Aaliyah
59%
55 E Eleanor
59%
8 F Florence
59%
313 F Freyja
59%
150 L Leah
59%
237 L Lila
59%
438 F Frances
58%
409 L Leia
58%
113 M Maddison
58%
168 M Madison
58%
153 R Rosa
58%
389 A Angel
57%
264 D Diana
57%
18 E Elsie
57%
59 E Erin
57%
46 E Esme
57%
419 M Margaret
57%
290 N Nia
57%
63 H Harriet
56%
328 H Helena
56%
48 I Imogen
56%
53 L Layla
56%
232 L Leila
56%
446 L Leyla
56%
22 P Phoebe
56%
87 A Amelie
55%
99 B Beatrice
55%
164 B Beatrix
55%
375 L Lillian
55%
295 M Madeleine
55%
400 M Madeline
55%
339 A Aliyah
54%
324 B Belle
54%
166 E Esther
54%
125 H Hope
54%
305 L Laila
54%
440 L Lexie
54%
64 L Lola
54%
165 N Naomi
54%
490 T Thalia
54%
311 G Georgina
53%
137 N Nina
53%
149 C Cora
52%
176 F Faith
52%
98 L Lara
52%
35 L Luna
52%
261 N Nicole
52%
292 A Alaia
51%
404 A Alayah
51%
373 C Cara
51%
177 D Dorothy
51%
128 E Esmae
51%
26 H Harper
51%
247 IR Ivy Rose
51%
315 J Jessie
51%
36 M Maisie
51%
417 M Maisy
51%
226 N Natalia
51%
472 N Naya
51%
156 P Polly
51%
299 E Elise
50%
327 K Keira
50%
486 K Kira
50%
65 N Nancy
50%
56 A Aurora
49%
307 AR Ava Rose
49%
83 E Edith
49%
152 E Elena
49%
301 ER Ella Rose
49%
213 I India
49%
294 J Josie
49%
239 Q Quinn
49%
62 S Scarlett
49%
463 AG Ava Grace
48%
357 A Avery
48%
81 D Darcie
48%
146 D Darcy
48%
220 F Flora
48%
143 G Gabriella
48%
332 IR Isla Rose
48%
236 K Kiara
48%
382 LR Lily Rose
48%
188 L Liyana
48%
28 M Matilda
48%
178 P Penny
48%
16 S Sienna
48%
90 S Summer
48%
40 B Bonnie
47%
147 D Darcey
47%
455 T Tia
47%
257 A April
46%
336 A Audrey
46%
42 H Hallie
46%
272 J Josephine
46%
228 L Lana
46%
453 L Lilia
46%
330 M Megan
46%
66 O Orla
46%
219 S Seren
46%
364 Y Yasmin
46%
214 A Aubrey
45%
407 B Betty
45%
110 F Francesca
45%
365 K Kayla
45%
140 L Lydia
45%
397 M Maddie
45%
254 M Melissa
45%
39 M Mila
45%
381 AR Amelia Rose
44%
47 A Arabella
44%
423 BR Bella Rose
44%
360 G Gabriela
44%
51 L Lottie
44%
103 M Martha
44%
230 M Mirha
44%
296 N Nell
44%
108 A Autumn
43%
130 F Fatiima
43%
123 F Felicity
43%
281 N Nadia
43%
136 N Niamh
43%
282 R Rae
43%
155 S Sadie
43%
242 B Brooke
42%
478 C Camilla
42%
427 M Margo
42%
101 N Nellie
42%
256 N Nelly
42%
209 A Alana
41%
349 A Aubree
41%
325 F Fatimah
41%
187 M Maggie
41%
477 M Michelle
41%
202 P Paige
41%
322 S Stella
41%
54 T Thea
41%
458 T Theia
41%
303 A Addison
40%
278 A Anya
40%
405 AM Ava Mae
40%
435 B Brianna
40%
154 C Connie
40%
50 D Delilah
40%
474 E Eadie
40%
91 E Eden
40%
231 H Halle
40%
182 L Lexi
40%
456 M Margaux
40%
57 M Margot
40%
276 N Neve
40%
116 O Ophelia
40%
163 T Tilly
40%
148 H Hazel
39%
363 K Kaia
39%
394 S Serena
39%
262 A Aleena
38%
260 A Alina
38%
252 A Amal
38%
135 A Anastasia
38%
229 B Billie
38%
115 E Edie
38%
84 H Heidi
38%
258 I Ida
38%
485 IM Isla Mae
38%
224 L Lucia
38%
58 M Mabel
38%
102 N Nova
38%
172 C Callie
37%
106 E Eloise
37%
235 G Georgie
37%
384 GM Gracie Mae
37%
200 H Hattie
37%
207 R Riley
37%
412 A Agnes
36%
460 E Emmy
36%
402 E Evangeline
36%
129 P Pippa
36%
241 S Skyla
36%
121 A Aisha
35%
211 A Alyssa
35%
399 E Erica
35%
289 F Faye
35%
316 L Lacey
35%
441 M Macie
35%
141 S Savannah
35%
159 S Skylar
35%
225 T Talia
35%
275 M Miriam
34%
354 Z Zuzanna
34%
355 A Adeline
33%
119 A Amaya
33%
309 A Ayesha
33%
319 D Dolly
33%
217 E Emmie
33%
191 E Everly
33%
111 F Frankie
33%
77 M Maeve
33%
298 M Melody
33%
268 R Rosalie
33%
246 V Valentina
33%
266 W Winter
33%
318 A Amirah
32%
185 A Athena
32%
234 D Daphne
32%
259 D Dottie
32%
244 T Tabitha
32%
421 V Vivienne
32%
173 A Amara
31%
365 A Amayah
31%
466 A Ameera
31%
158 A Amira
31%
492 A Amiyah
31%
138 C Cleo
31%
93 E Elodie
31%
308 E Everleigh
31%
80 L Lyra
31%
362 R Robin
31%
393 S Selena
31%
352 W Wynter
31%
179 B Betsy
30%
469 D Demi
30%
71 R Robyn
30%
167 S Skye
30%
280 A Aaya
29%
250 A Aya
29%
114 I Indie
29%
380 A Adelaide
28%
197 A Ariella
28%
304 C Cecilia
28%
378 G Gianna
28%
252 H Harley
28%
208 L Liliana
28%
418 M Minnie
28%
248 A Amina
27%
447 A Aminah
27%
240 A Astrid
27%
204 A Aurelia
27%
450 B Bianca
27%
358 D Daria
27%
189 E Eliana
27%
359 F Fiadh
27%
334 H Harmony
27%
416 I Iona
27%
487 L Liana
27%
297 L Lois
27%
107 N Nevaeh
27%
169 P Piper
27%
426 R Rowan
27%
396 B Beau
26%
371 C Constance
26%
498 M Mira
26%
86 M Myla
26%
429 B Blake
25%
144 H Harlow
25%
329 L Libby
25%
122 M Marnie
25%
494 M Mylah
25%
157 P Paisley
25%
403 R Reya
25%
481 S Sabrina
25%
184 W Wren
25%
320 E Emmeline
24%
341 F Fern
24%
454 M Mara
24%
350 M Marley
23%
302 M Miley
23%
265 N Noa
23%
206 N Nola
23%
212 N Nyla
23%
288 N Nylah
23%
118 O Ottilie
23%
279 P Peyton
23%
338 P Philippa
23%
205 W Winnie
23%
267 A Alma
22%
131 A Anaya
22%
434 A Anayah
22%
190 A Aoife
22%
199 E Etta
22%
476 G Genevieve
22%
461 H Henrietta
22%
495 M Myra
22%
238 P Pearl
22%
120 R River
22%
437 S Sydney
22%
249 T Tallulah
22%
170 Z Zainab
22%
353 Z Zaynab
22%
175 C Clementine
21%
414 F Fleur
21%
310 H Honey
21%
497 M Mali
21%
500 T Tiana
21%
293 A Alessia
20%
424 C Celine
20%
201 E Effie
20%
406 K Kyra
20%
82 M Maryam
20%
376 O Octavia
20%
145 A Alba
19%
367 A Amalia
19%
428 A Anais
19%
483 A Arielle
19%
372 J Jemima
19%
221 M Maeva
19%
174 R Remi
19%
342 V Verity
19%
374 E Ember
18%
377 F Ffion
18%
269 N Noor
18%
369 P Peggy
18%
387 T Theodora
18%
468 D Dakota
17%
284 I Inaaya
17%
273 I Inaya
17%
439 I Indigo
17%
430 N Nala
17%
420 R Raven
17%
489 S Sapphire
17%
344 S Sylvie
17%
263 A Antonia
16%
445 I Inayah
16%
335 O Ocean
16%
268 H Haniya
15%
388 L Livia
15%
488 P Phoenix
15%
162 P Primrose
15%
379 R Romy
15%
271 V Vienna
15%
243 H Hafsa
14%
425 I Imaan
14%
436 J Juno
14%
193 K Khadija
14%
251 K Khadijah
14%
312 S Saoirse
14%
401 Y Yara
14%
186 Z Zoya
14%
340 A Arla
13%
448 P Pola
13%
300 Y Yusra
13%
463 E Elora
12%
493 H Hania
12%
391 I Iqra
12%
392 I Isra
12%
306 M Mariam
12%
351 M Meadow
12%
442 S Stevie
12%
291 S Syeda
12%
314 A Aiza
11%
348 A Aizah
11%
491 A Alara
11%
347 J Jannat
11%
431 A Aayat
10%
195 A Ayat
10%
337 B Blossom
10%
222 D Dua
10%
451 D Duaa
10%
277 R Reeva
10%
482 Z Zuri
10%
346 H Halima
9%
465 P Pixie
9%
390 H Hoorain
8%
452 I Ines
8%
422 M Marwa
8%
255 S Safa
8%
383 A Aqsa
7%
467 C Cataleya
7%
484 D Dolcie
7%
361 E Eira
6%
444 H Hiba
6%
368 H Hawa
4%
No matching quizzes found
Score Distribution
Percent of People with Each Score
Percentile by Number Answered
Your Score History
You have not taken this quiz